All World Religions - Statistics

General Stats
  • This quiz has been taken 56 times
  • The average score is 16 of 74
Answer Stats
Population Hint Religion % Correct
500,000,000 Buddha Buddhism
100%
2,400,000,000 Religion following Jesus Christianity
100%
2,000,000,000 Religion with Muhammad Islam
98%
1,200,000,000 Ancient Indian religion Hinduism
96%
1,900,000,000 To have no Religion Atheism
85%
15,700,000 The Old Testament Judaism
83%
8,700,000 Ancient Chinese religion Taoism
77%
17,500,000 Formed by Joseph Smith Mormonism
75%
5,000,000 Traditional Japanese Faith, often goes with Buddhism Shintoism
73%
6,000,000 Following a famous Chinese philosopher Confucianism
65%
25,000,000 A religion located in Punjabi Sikhism
65%
60,000,000 Based in Haiti Voodoo
63%
1,500,000 Modern Pagan faith Wicca
56%
50,000 Religion by L. Rond Hubberd Scientology
52%
8,000,000 Created in the middle east about 150 years ago Baha'i
46%
205,000 One of the oldest religions in the world Zoroastrianism
46%
4,000,000 Belief system in India, similar to Buddhism Jainism
44%
1,000,000 Worships a king of Ethiopia, Rastafarianism
44%
1,000,000 Monotheistic religion in Syria Druze
33%
2,000 Greek Gods Hellenism
33%
108,000,000 Belief that everything is alive Animism
31%
9,000,000 Reformed version of largest world religion Jehovah's Witnesses
29%
50,000 Following ancient Mongolian religion Tengrism
27%
100,000 Gnostic faith following John the Baptist Mandaeism
19%
6,000,000 Vietnamese Religion Cao Dai
17%
400,000 Korean traditional belief Muism
17%
900 Small religion in Israel, Abrahamic Samaritanism
15%
1,000,000 Monotheistic faith with reincarnation Yazidism
15%
7,000,000 New Chinese Religion Falun Gong
13%
15,000,000 Communicating with Spirits Spiritism
13%
950,000 Pagan Egyptian Faith, with Ra and Horus Kemetism
10%
215,000 A small Christian-based religion, though it does not possess all of the same beliefs. Unitarian-Universalism
10%
250,000 Reformed group of Joseph Smith's religion Community of Christ
8%
80,000 New Pagan version of an Ancient Norse Religion Heathenry
8%
750,000 Slavic Pagan Faith Rodnovery
8%
215,000 Came off the most populous religion in the world Christian Science
6%
60,000 UFO Religion Raëlism
6%
3,900 Baltic Pagan Faith Romuva
6%
10,000 Occult Religion Thelema
6%
200,000 Revival of old Ossetian religion Assianism
4%
50,000 Reinterpretation of the Bible Christadelphians
4%
2,000,000 Monotheistic Japanese faith Tenrikyo
4%
9,000 Traditional Religion of an American Tribe Traditional Cherokee Faith
4%
400-3,000 New UFO religion Aetherius Society
2%
28,800 A shamanistic revival Aiyy Faith
2%
5,000 Icelandic Neopagan faith Asatru
2%
4,840,000 An extremely recent religion Astronism
2%
3,000,000 Mix of a major religion and African Beliefs Candomblé
2%
700 Ancient Latvian Religion Dievturība
2%
600,000 Religion in Mali Dogon
2%
50,000 The Old religion in England and Wales Druidry
2%
10,000 A Haudenosaunee faith established by Handsome Lake in 1799 Gaiwiio
2%
300,000,000 Major Chinese Folk Religion Mazuism
2%
1,900 Religion in Palau Modekngei
2%
1,000,000 New Japanese Religion Perfect Liberty Kyodan
2%
12,000,000 Largest Japanese New Religion Soka Gakkai
2%
639,000 Religion in Suriname Winti
2%
1,000,000 Small Middle-Eastern Faith Yarsanism
2%
105,000 A Korean Religion Chondoism
0%
370,000 A small traditional religion in Northern India Donyi-Polo
0%
>1,000 Native religion in Panama Ibeorgun
0%
924,000 Nepal Indigenous Religion Kiratism
0%
182,000 A small religion from Taiwan Li-ism
0%
3,000 Pagan Estonian Religion Maausk
0%
170,000 New Japanese Religion Omoto
0%
6,500,000 Japanese New Religion Rissho Kosei-kai
0%
222,000 Indian religion worshiping a goddess of the same name. Sanamihism
0%
500,000 A small religion based in one city Sanyi
0%
2,550,000 Indegenous Thai Faith Satsana Phi
0%
250,000 Identify as the same as the main religion in the middle east, but have differences Shabakism
0%
6,000 Mountain Religion in Japan Shugendō
0%
1,000,000 Japanese New religion Sukyo Mahakari
0%
300,000 Religion of the Oromo people Waaqeffanna
0%
30,000,000 Folk Religion Yiguandao
0%
No matching quizzes found
Score Distribution
Percent of People with Each Score
Percentile by Number Answered
Your Score History
You have not taken this quiz